000
00363nam a2200169Ia 4500
100
_a
Andrews/Jean
250
_a
3
942
_c
BK
366
_f
15
654
_a
maintaining PC
245
_a
Enhanced guide to managing and maintaining your PC
260
_b
Thomsan Learning
_c
2001
082
_a
4
_b
AND
300
_a
775
546
_a
ENGLISH
999
_c
23348
_d
23348